Gestión-innovación y comercialización en biotecnología

Gespeichert in:
Bibliographische Detailangaben
Hauptverfasser: Gil Hormazábal, Lionel (VerfasserIn), Adonis Parraguez, Marta (VerfasserIn)
Format: Buch
Sprache:Spanisch
Veröffentlicht: Santiago Universitaria 2007
Ausgabe:1a. ed
Schriftenreihe:Textos
Schlagworte:
Tags: Tag hinzufügen
Keine Tags, Fügen Sie den ersten Tag hinzu!

MARC

LEADER 00000nam a2200000 a 4500
001 UCH8672
003 CL-VaPUC
008 091203e20070000CL |||||||||||||||||spa|d
020 |a 9561119560 
020 |a 9789561119567 
082 0 4 |a 658.406  |b GIL  |2 21 
100 |a Gil Hormazábal, Lionel  |e author  |9 545374 
700 0 |a Adonis Parraguez, Marta  |e author  |9 545375 
245 1 0 |a Gestión-innovación y comercialización en biotecnología 
250 |a 1a. ed 
300 |a 290 p 
942 |c BK 
945 |d 20091203 00:00:00  |a cmena 
260 |a Santiago  |b Universitaria  |c 2007 
500 |a La industria biotecnológica ha tenido en las últimas décadas un crecimiento exponencial, especialmente en los países desarrollados. América Latina posee una gran biodiversidad y recursos naturales abundantes que pueden ser explotados con gran valor agregado si se incorpora la innovación tecnológica en sus estrategias de desarrollo 
500 |a El texto entrega valiosa información sobre: visión global de la industria biotecnológica, estrategias de innovación y comercialización, financiamiento y gestión de emprendimientos, propiedad intelectual, bioprospección, aplicaciones biotecnológicas en biomedicina, minería, fruticultura, experiencias empresariales exitosas 
650 7 |a INNOVACIONES TECNOLOGICAS  |2 CL-VaPUC  |9 545376 
650 0 |a Propiedad intelectual  |9 256126 
650 0 |a Biotecnología   |9 259561 
650 0 |a Planificación estratégica   |9 259735 
650 0 |a Competitividad   |9 308495 
650 0 |a Propiedad industrial  |9 255086 
650 0 |a Desarrollo económico y social   |9 256320 
650 0 |a Investigación científica  |9 259857 
583 |a last modification  |c 20091203 00:00:00  |k Rodrigo Vera 
490 0 |a Textos 
999 |c 338864  |d 338862 
952 |0 0  |1 0  |4 0  |6 658_406000000000000_GIL_2007  |7 0  |8 C  |9 432075  |a BIBCUR  |b BIBCUR  |d 2019-11-22  |i 4582144  |o 658.406 GIL 2007  |p 4582144  |r 2025-04-22  |w 2019-11-22  |y BK  |k IDI